000 00735nam a2200265Ia 4500
003 OSt
005 20220925204957.0
006 a|||||r|||| 00| 0
007 ta
008 220923b |||||||| |||| 00| 0 eng d
020 _a0566009994
037 _cGeneral Book
040 _aRTL
_cRTL
_beng
041 _2eng
_aeng
082 _aY15-49, M6
100 _aKnights David
_9236217
245 0 _aGender and the labour process
260 _aHampire
_bGower Pub.
_c1986
300 _avii,186p
_ccm.
500 _aBibliography chapterwise
650 _aWorking Women
700 _a Willmott Hugh Ed.
_920888
942 _hY15-49, M6
_cGB
_2CC
999 _c550916
_d550916